| 000 | 00528nam a2200193 a 4500 | ||
|---|---|---|---|
| 001 | 1757824957065 | ||
| 003 | YourLibrary | ||
| 005 | 20250915121405.0 | ||
| 008 | 250914s1997##################000#0#eng## | ||
| 020 | _a9780333681640 | ||
| 082 | 0 | 4 |
_a149.97 _bDEV |
| 100 | 1 |
_aDevaney, M., _eauthor. |
|
| 245 | 1 | 0 | _a‘Since at least Plato ...’ and Other Postmodernist Myths : |
| 260 |
_bPalgrave Macmillan, _c1997. |
||
| 300 | _a245 pages | ||
| 650 | 0 | _aScience. | |
| 942 | _cENGLISH | ||
| 040 |
_aYourLibrary _beng _cYourLibrary |
||
| 999 |
_c587010 _d587010 |
||